[Event "Vecindario Montalvo Memorial 15th"]
[Site "Vecindario"]
[Date "2023.04.09"]
[Round "9"]
[White "Amador Garcia, Ismael"]
[Black "Medina Martin, Alberto"]
[Result "1/2-1/2"]
[WhiteElo "2282"]
[BlackElo "2109"]
[PlyCount "86"]
[EventDate "2023.04.02"]
[EventType "swiss"]
[EventRounds "9"]
[EventCountry "ESP"]
[SourceTitle "CBM 213 Extra"]
[Source "ChessBase"]
[SourceDate "2023.05.31"]
[SourceVersion "1"]
[SourceVersionDate "2023.05.31"]
[SourceQuality "1"]

1. e4 e6 2. d4 d5 3. Nc3 Nf6 4. e5 Nfd7 5. f4 c5 6. Nf3 Nc6 7. Be3 Be7 8. Qd2 0-0 9. Be2 b6 10. Nd1 f5 11. 0-0 cxd4 12. Nxd4 Nxd4 13. Bxd4 Nc5 14. b4 Ne4 15. Qe1 a5 16. b5 Bb7 17. a4 Rc8 18. c3 Bh4 19. g3 Be7 20. Ne3 Bc5 21. Bf3 Rf7 22. g4 g6 23. Ra2 Kh8 24. Rg2 Qc7 25. Bxe4 Bxd4 26. cxd4 dxe4 27. Qg3 Qd8 28. Rd1 Bd5 29. Kh1 Bb3 30. Rb1 Bd5 31. Rbg1 Rc3 32. gxf5 Rxf5 33. Qe1 Rd3 34. Qc1 Rf8 35. Rc2 Rxd4 36. Rc7 Rd3 37. Rg3 Qh4 38. Rc8 Qxf4 39. Rc7 Qf2 40. Rh3 Rf7 41. Rc8+ Rf8 42. Rc7 Rf7 43. Rc8+ Rf8 1/2-1/2

[Event "Vecindario Montalvo Memorial 15th"]
[Site "Vecindario"]
[Date "2023.04.06"]
[Round "6"]
[White "Medina Martin, Alberto"]
[Black "Roca Marrero, Fernando"]
[Result "1-0"]
[WhiteElo "2109"]
[BlackElo "1473"]
[PlyCount "57"]
[EventDate "2023.04.02"]
[EventType "swiss"]
[EventRounds "9"]
[EventCountry "ESP"]
[SourceTitle "CBM 213 Extra"]
[Source "ChessBase"]
[SourceDate "2023.05.31"]
[SourceVersion "1"]
[SourceVersionDate "2023.05.31"]
[SourceQuality "1"]

1. d4 d6 2. Nf3 Nf6 3. c4 g6 4. g3 Bg7 5. Bg2 c6 6. Nc3 Nbd7 7. 0-0 0-0 8. e4 h6 9. h3 Re8 10. e5 dxe5 11. dxe5 Nh7 12. Qe2 Ndf8 13. b3 Qc7 14. Bb2 Be6 15. Rad1 Rad8 16. Kh2 Rxd1 17. Rxd1 Rd8 18. Rxd8 Qxd8 19. Nd2 Qc7 20. f4 g5 21. Nce4 gxf4 22. gxf4 Bf5 23. Ng3 Qd7 24. Nxf5 Qxf5 25. Qe4 Qd7 26. Nf3 Ne6 27. Nd4 Nxf4 28. Qxf4 Bxe5 29. Qxe5 1-0

[Event "Vecindario Montalvo Memorial 15th"]
[Site "Vecindario"]
[Date "2023.04.04"]
[Round "4"]
[White "Medina Martin, Alberto"]
[Black "Jablanovic, Sasa"]
[Result "1-0"]
[WhiteElo "2109"]
[BlackElo "1685"]
[PlyCount "110"]
[EventDate "2023.04.02"]
[EventType "swiss"]
[EventRounds "9"]
[EventCountry "ESP"]
[SourceTitle "CBM 213 Extra"]
[Source "ChessBase"]
[SourceDate "2023.05.31"]
[SourceVersion "1"]
[SourceVersionDate "2023.05.31"]
[SourceQuality "1"]

1. d4 d5 2. c4 c6 3. cxd5 Qxd5 4. Nc3 Qa5 5. e4 Nf6 6. Bd3 e5 7. dxe5 Qxe5 8. Nf3 Qc7 9. e5 Nd5 10. Nxd5 cxd5 11. 0-0 Nc6 12. Bf4 Be6 13. Rc1 Qd7 14. Bb5 a6 15. Qa4 Rc8 16. Bd3 Na7 17. Rxc8+ Nxc8 18. Qc2 Be7 19. Nd4 g6 20. Bh6 Bf8 21. Bxf8 Kxf8 22. f4 Ne7 23. f5 Nxf5 24. Bxf5 Bxf5 25. e6 Bxe6 26. Qe2 Ke7 27. Qe5 Rc8 28. Qf6+ Kd6 29. Qf4+ Ke7 30. Qh4+ Kd6 31. Qxh7 Rc4 32. Qh4 Qe7 33. Qg3+ Kc5 34. Qa3+ Rb4 35. Nc2 Qh4 36. Nxb4 Qxb4 37. Rc1+ Kb5 38. Qd3+ Kb6 39. a3 Qe4 40. Qxe4 dxe4 41. Kf2 Bd5 42. Ke3 g5 43. Kd4 Bc6 44. Rc5 f6 45. Rf5 e3 46. Rxf6 e2 47. Re6 Kb5 48. Rxe2 Ka4 49. Kc3 g4 50. h4 gxh3 51. gxh3 a5 52. Rf2 Kb5 53. h4 Be4 54. h5 Kc6 55. Rf7 Kd5 1-0

[Event "Vecindario Montalvo Memorial 15th"]
[Site "Vecindario"]
[Date "2023.04.03"]
[Round "3"]
[White "Kovchan, Alexander"]
[Black "Medina Martin, Alberto"]
[Result "1-0"]
[WhiteElo "2461"]
[BlackElo "2109"]
[PlyCount "63"]
[EventDate "2023.04.02"]
[EventType "swiss"]
[EventRounds "9"]
[EventCountry "ESP"]
[SourceTitle "CBM 213 Extra"]
[Source "ChessBase"]
[SourceDate "2023.05.31"]
[SourceVersion "1"]
[SourceVersionDate "2023.05.31"]
[SourceQuality "1"]

1. e4 e6 2. d4 d5 3. Nd2 Nf6 4. e5 Nfd7 5. Bd3 c5 6. c3 Nc6 7. Ne2 cxd4 8. cxd4 f6 9. exf6 Nxf6 10. Nf3 Bd6 11. 0-0 0-0 12. Bf4 Bxf4 13. Nxf4 Ne4 14. Ne2 Rxf3 15. gxf3 Ng5 16. Kh1 e5 17. Qb3 Kh8 18. Bc2 exd4 19. Rg1 Nh3 20. Rg2 g6 21. f4 Bg4 22. f3 Bh5 23. Rf1 Qd7 24. f5 Re8 25. Qa3 gxf5 26. Nxd4 Bg6 27. Nxc6 Qxc6 28. f4 Qc4 29. Bd3 Qd4 30. Bb5 Rc8 31. Qxh3 a6 32. Bd3 1-0

[Event "Vecindario Montalvo Memorial 14th"]
[Site "Vecindario"]
[Date "2022.09.09"]
[Round "7"]
[White "Medina Martin, Alberto"]
[Black "Sanchez Quintero, Raul"]
[Result "0-1"]
[WhiteElo "2115"]
[BlackElo "1869"]
[PlyCount "94"]
[EventDate "2022.09.04"]
[EventType "swiss"]
[EventRounds "9"]
[EventCountry "ESP"]
[SourceTitle "CBM 210 Extra"]
[Source "ChessBase"]
[SourceDate "2022.11.30"]
[SourceVersion "1"]
[SourceVersionDate "2022.11.30"]
[SourceQuality "1"]

1. d4 d5 2. c4 e6 3. cxd5 exd5 4. Nc3 Nf6 5. Bg5 Be7 6. Qc2 0-0 7. e3 h6 8. Bh4 Re8 9. Bd3 c5 10. Nf3 c4 11. Be2 a6 12. a4 Nc6 13. 0-0 Nb4 14. Qd1 Bf5 15. Ne5 Ne4 16. Bxe7 Qxe7 17. Nxe4 Bxe4 18. Qd2 f6 19. Nf3 b5 20. Rfc1 Nd3 21. Bxd3 Bxd3 22. Qa5 Qb7 23. h3 b4 24. Ne1 Bg6 25. Rd1 Rec8 26. Rac1 Kh7 27. Nf3 Rab8 28. Nd2 Qb6 29. Qxd5 c3 30. bxc3 bxc3 31. Ne4 c2 32. Rf1 Rd8 33. Nxf6+ Qxf6 34. Qa5 Rb1 35. f3 Rdb8 36. Kf2 Rxc1 37. Rxc1 Rb1 38. Qd2 Rxc1 39. Qxc1 Qb6 40. Ke2 Qb1 41. Kd2 Qb4+ 42. Ke2 Qc4+ 43. Kd2 Qd3+ 44. Ke1 Qc3+ 45. Ke2 Bd3+ 46. Kf2 Qb4 47. e4 Qxd4+ 0-1

[Event "Vecindario Montalvo Memorial 14th"]
[Site "Vecindario"]
[Date "2022.09.06"]
[Round "4"]
[White "Medina Martin, Alberto"]
[Black "Almeida Sanchez, Juan Sebastian"]
[Result "1-0"]
[WhiteElo "2115"]
[BlackElo "1826"]
[PlyCount "59"]
[EventDate "2022.09.04"]
[EventType "swiss"]
[EventRounds "9"]
[EventCountry "ESP"]
[SourceTitle "CBM 210 Extra"]
[Source "ChessBase"]
[SourceDate "2022.11.30"]
[SourceVersion "1"]
[SourceVersionDate "2022.11.30"]
[SourceQuality "1"]

1. d4 d5 2. c4 e5 3. dxe5 d4 4. Nf3 Nc6 5. a3 a5 6. Nbd2 Bc5 7. Nb3 Ba7 8. c5 Qe7 9. Bg5 f6 10. exf6 gxf6 11. Bf4 Bg4 12. Qc2 Bxf3 13. gxf3 a4 14. Nd2 Bxc5 15. Ne4 Bb6 16. 0-0-0 f5 17. Ng3 Ra5 18. Kb1 Qf7 19. e4 Nge7 20. Bc4 Qf6 21. h4 h6 22. Rde1 Kd8 23. exf5 Kc8 24. Re6 Qf8 25. f6 Nd5 26. Bxd5 Rxd5 27. Qxa4 Ra5 28. Qb3 Qd8 29. Rhe1 Kb8 30. Qd1 1-0

[Event "Vecindario Montalvo Memorial 14th"]
[Site "Vecindario"]
[Date "2022.09.04"]
[Round "1"]
[White "Garcia Rodriguez, Adriana"]
[Black "Medina Martin, Alberto"]
[Result "0-1"]
[WhiteElo "1445"]
[BlackElo "2115"]
[PlyCount "78"]
[EventDate "2022.09.04"]
[EventType "swiss"]
[EventRounds "9"]
[EventCountry "ESP"]
[SourceTitle "CBM 210 Extra"]
[Source "ChessBase"]
[SourceDate "2022.11.30"]
[SourceVersion "1"]
[SourceVersionDate "2022.11.30"]
[SourceQuality "1"]

1. e4 e6 2. d4 d5 3. exd5 exd5 4. Nf3 Bd6 5. Bd3 Nc6 6. Nc3 Nge7 7. Nb5 Bg4 8. c3 f6 9. h3 Bh5 10. Be3 Qd7 11. Nxd6+ Qxd6 12. g4 Bg6 13. Bxg6+ Nxg6 14. Qd2 0-0-0 15. 0-0-0 Na5 16. b3 Rde8 17. h4 Re4 18. g5 Rhe8 19. h5 Nf4 20. Rdg1 Qa6 21. Kb1 Ne6 22. Qc2 Nf8 23. Nd2 R4e7 24. Qf5+ Qe6 25. Qxe6+ Nxe6 26. Kc2 f5 27. f4 Nc5 28. dxc5 Rxe3 29. g6 h6 30. b4 Nc6 31. Rf1 d4 32. Rf3 dxc3 33. Rxe3 Rxe3 34. Nc4 Nd4+ 35. Kc1 Re4 36. Rd1 Ne2+ 37. Kc2 Rxc4 38. Re1 Re4 39. Kd3 Nxf4+ 0-1

[Event "Gran Canaria Cabildo Cup"]
[Site "Gran Canaria"]
[Date "2022.04.10"]
[Round "2"]
[White "Guerrero Orihuela, Jose Luis"]
[Black "Medina Martin, Alberto"]
[Result "0-1"]
[WhiteElo "1898"]
[BlackElo "2168"]
[PlyCount "120"]
[EventDate "2022.04.10"]
[EventType "swiss"]
[EventRounds "7"]
[EventCountry "ESP"]
[SourceTitle "CBM 207 Extra"]
[Source "ChessBase"]
[SourceDate "2022.05.31"]
[SourceVersion "1"]
[SourceVersionDate "2022.05.31"]
[SourceQuality "1"]

1. d4 Nf6 2. Bg5 Ne4 3. Bf4 c5 4. f3 Qa5+ 5. c3 Nf6 6. Nd2 cxd4 7. Nb3 Qb6 8. Qxd4 Qxd4 9. Nxd4 d6 10. Nb5 Na6 11. 0-0-0 g6 12. e4 Bg7 13. Be3 b6 14. Nd4 0-0 15. Nc6 Re8 16. Bb5 Nc7 17. Ba4 b5 18. Bb3 a6 19. Bb6 Bh6+ 20. Kb1 Ne6 21. Ne2 Nd7 22. Bf2 Nec5 23. Bd5 Bb7 24. b4 Bxc6 25. Bxc6 Rac8 26. bxc5 Rxc6 27. cxd6 exd6 28. Bg3 Nb6 29. Rxd6 Rxd6 30. Bxd6 Nc4 31. Bf4 Bg7 32. Nd4 b4 33. Kc2 Rc8 34. Ne2 bxc3 35. Rd1 Na3+ 36. Kb3 c2 37. Rc1 Bf8 38. Nd4 Rd8 39. Nxc2 Rd3+ 40. Kb2 Bg7+ 41. e5 Nc4+ 42. Kb1 Bxe5 43. Bxe5 Nxe5 44. Nb4 Rd6 45. Rc5 Nd7 46. Rc6 Rxc6 47. Nxc6 f5 48. Kb2 Kf7 49. Kb3 Ke6 50. Ka4 Kd6 51. Nb4 Nc5+ 52. Ka5 f4 53. a4 g5 54. Nxa6 Nd3 55. Kb6 h5 56. a5 g4 57. Nc7 Nb4 58. a6 Nxa6 59. Nxa6 h4 60. Nb4 h3 0-1

[Event "Gran Canaria Santana Memorial 7th"]
[Site "Gran Canaria"]
[Date "2019.11.19"]
[Round "5"]
[White "Perez Bolanos, David"]
[Black "Medina Martin, Alberto"]
[Result "0-1"]
[WhiteElo "1853"]
[BlackElo "2102"]
[PlyCount "38"]
[EventDate "2019.11.05"]
[EventType "swiss"]
[EventRounds "7"]
[EventCountry "ESP"]
[SourceTitle "CBM 193 Extra"]
[Source "ChessBase"]
[SourceDate "2020.01.31"]
[SourceVersion "1"]
[SourceVersionDate "2020.01.31"]
[SourceQuality "1"]

1. d4 Nf6 2. c4 e6 3. Nc3 Bb4 4. Qc2 b6 5. e4 c5 6. d5 Qe7 7. Be2 exd5 8. exd5 0-0 9. Be3 d6 10. Nf3 Ng4 11. Bd2 Re8 12. h3 Bf5 13. Qxf5 Bxc3 14. Qd3 Bxd2+ 15. Qxd2 Nf6 16. Rc1 Nbd7 17. Rc2 Ne4 18. Qf4 Nf8 19. Nd2 Ng3 0-1

[Event "La Palma Island op"]
[Site "Santa Cruz de La Palma"]
[Date "2019.08.15"]
[Round "9"]
[White "Barbot, Pierre"]
[Black "Medina Martin, Alberto"]
[Result "1-0"]
[WhiteElo "2441"]
[BlackElo "2075"]
[PlyCount "51"]
[EventDate "2019.08.09"]
[EventType "swiss"]
[EventRounds "10"]
[EventCountry "ESP"]
[SourceTitle "CBM 191 Extra"]
[Source "ChessBase"]
[SourceDate "2019.09.30"]
[SourceVersion "1"]
[SourceVersionDate "2019.09.30"]
[SourceQuality "1"]

1. d4 Nf6 2. Nf3 c5 3. d5 e6 4. c4 b5 5. Bg5 b4 6. e4 d6 7. a3 a5 8. Bd3 Be7 9. axb4 cxb4 10. Bd2 Bb7 11. Nd4 exd5 12. cxd5 0-0 13. 0-0 Re8 14. Bb5 Nfd7 15. Be3 Bg5 16. Bxg5 Qxg5 17. Nd2 Rd8 18. Nc6 Bxc6 19. f4 Qe7 20. dxc6 Nc5 21. Nc4 Qc7 22. Qd5 Nxe4 23. Qxe4 d5 24. Qe5 Qa7+ 25. Ne3 Na6 26. Rxa5 1-0

[Event "Liga Insular Gran Canaria Final4"]
[Site "Las Palmas"]
[Date "2019.06.09"]
[Round "2.3"]
[White "Ramirez Medina, Victor"]
[Black "Medina Martin, Alberto"]
[Result "1-0"]
[WhiteElo "2230"]
[BlackElo "2042"]
[PlyCount "63"]
[EventDate "2019.06.08"]
[EventType "team-k.o."]
[EventRounds "2"]
[EventCountry "ESP"]
[SourceTitle "EXT 2021"]
[Source "ChessBase"]
[SourceDate "2020.10.23"]
[SourceVersion "1"]
[SourceVersionDate "2020.10.23"]
[SourceQuality "1"]
[WhiteTeam "Hotel Avda de Canarias"]
[BlackTeam "Guia Univac"]
[WhiteTeamCountry "ESP"]
[BlackTeamCountry "ESP"]

1. d4 Nf6 2. c4 c5 3. d5 b5 4. Nf3 g6 5. Qc2 bxc4 6. e4 d6 7. Bxc4 Bg7 8. 0-0 0-0 9. Nc3 Nbd7 10. h3 Nb6 11. Be2 e6 12. dxe6 fxe6 13. Rd1 Ne8 14. Bg5 Bf6 15. Bh6 Bg7 16. Bxg7 Kxg7 17. Rac1 Qe7 18. Nb5 a6 19. Nxd6 Nxd6 20. Qxc5 Nd7 21. Qxd6 Qxd6 22. Rxd6 Nf6 23. e5 Nd5 24. Ng5 Rf5 25. Nxe6+ Bxe6 26. Rxe6 Nf4 27. Bf3 Rb8 28. Re7+ Kh6 29. b3 Nd3 30. Rcc7 Nxe5 31. Be4 Rh5 32. f4 1-0

[Event "Liga Insular Gran Canaria 1b Descenso"]
[Site "Las Palmas"]
[Date "2019.06.08"]
[Round "3.1"]
[White "Medina Martin, Alberto"]
[Black "Jablanovic, Sasa"]
[Result "1-0"]
[WhiteElo "2042"]
[BlackElo "1740"]
[PlyCount "71"]
[EventDate "2019.05.25"]
[EventType "team-tourn"]
[EventRounds "3"]
[EventCountry "ESP"]
[SourceTitle "EXT 2021"]
[Source "ChessBase"]
[SourceDate "2020.10.23"]
[SourceVersion "1"]
[SourceVersionDate "2020.10.23"]
[SourceQuality "1"]
[WhiteTeam "Guia Univac II"]
[BlackTeam "Mogan II"]
[WhiteTeamCountry "ESP"]
[BlackTeamCountry "ESP"]

1. d4 d5 2. c4 c6 3. Nc3 Nf6 4. Nf3 Bf5 5. Bg5 Nbd7 6. e3 h6 7. Bf4 e6 8. cxd5 Nxd5 9. Nxd5 exd5 10. Be2 Bb4+ 11. Nd2 Qa5 12. a3 Bxd2+ 13. Qxd2 Qxd2+ 14. Kxd2 Nf6 15. f3 Kd7 16. h3 Ne8 17. Rac1 Nd6 18. b3 Rhe8 19. Rhe1 Re7 20. Bf1 Rae8 21. Rc5 f6 22. Bg3 g5 23. Bf2 a6 24. Rec1 h5 25. a4 Rc8 26. b4 b6 27. R5c3 b5 28. Rc5 Bg6 29. axb5 axb5 30. Ra1 Nc4+ 31. Bxc4 dxc4 32. e4 Be8 33. d5 cxd5 34. Ra7+ Ke6 35. Rxc8 Rxa7 36. Bxa7 1-0

[Event "Liga Insular Gran Canaria Preferente"]
[Site "Las Palmas"]
[Date "2019.05.25"]
[Round "8.4"]
[White "Ruiz Delgado, Basilio"]
[Black "Medina Martin, Alberto"]
[Result "0-1"]
[WhiteElo "1663"]
[BlackElo "2042"]
[PlyCount "50"]
[EventDate "2019.03.02"]
[EventType "team-tourn"]
[EventRounds "9"]
[EventCountry "ESP"]
[SourceTitle "EXT 2021"]
[Source "ChessBase"]
[SourceDate "2020.10.23"]
[SourceVersion "1"]
[SourceVersionDate "2020.10.23"]
[SourceQuality "1"]
[WhiteTeam "Hotel Avda de Canarias"]
[BlackTeam "Guia Univac"]
[WhiteTeamCountry "ESP"]
[BlackTeamCountry "ESP"]

1. e4 e6 2. d4 d5 3. Bd3 dxe4 4. Bxe4 Nf6 5. Bf3 c5 6. Ne2 Nc6 7. c3 Be7 8. 0-0 0-0 9. dxc5 Bxc5 10. Bg5 Ne5 11. Ng3 Qxd1 12. Bxd1 h6 13. Bxf6 gxf6 14. Ne4 Be7 15. Nbd2 b6 16. Bc2 Ba6 17. Rfd1 Rfd8 18. Nf3 Nxf3+ 19. gxf3 Be2 20. Rxd8+ Rxd8 21. Kg2 f5 22. Ng3 Rd2 23. Rc1 Bb5 24. Nf1 Bxf1+ 25. Kxf1 Bh4 0-1

[Event "Gran Canaria Cabildo op"]
[Site "Gran Canaria"]
[Date "2019.03.22"]
[Round "4"]
[White "Medina Martin, Alberto"]
[Black "Martinez Molina, Jose Juan"]
[Result "1-0"]
[WhiteElo "2042"]
[BlackElo "1681"]
[PlyCount "43"]
[EventDate "2019.03.12"]
[EventType "swiss"]
[EventRounds "7"]
[EventCountry "ESP"]
[SourceTitle "CBM 189 Extra"]
[Source "ChessBase"]
[SourceDate "2019.06.03"]
[SourceVersion "1"]
[SourceVersionDate "2019.06.03"]
[SourceQuality "1"]

1. d4 Nf6 2. c4 g6 3. Nc3 Bg7 4. e4 0-0 5. f3 d6 6. Be3 c6 7. Qd2 e5 8. d5 c5 9. Nge2 a6 10. g4 b5 11. Ng3 bxc4 12. Bxc4 Nbd7 13. h4 Nb6 14. Be2 Bxg4 15. fxg4 Nxg4 16. Bxg4 Nc4 17. Qe2 Nxe3 18. Qxe3 Rb8 19. 0-0-0 h5 20. Bxh5 Qb6 21. Rh2 Kh7 22. Bxg6+ 1-0

[Event "Gran Canaria Cabildo op"]
[Site "Gran Canaria"]
[Date "2019.03.15"]
[Round "2"]
[White "Medina Martin, Alberto"]
[Black "Perez Bolanos, Joel"]
[Result "1/2-1/2"]
[WhiteElo "2042"]
[BlackElo "1842"]
[PlyCount "56"]
[EventDate "2019.03.12"]
[EventType "swiss"]
[EventRounds "7"]
[EventCountry "ESP"]
[SourceTitle "CBM 189 Extra"]
[Source "ChessBase"]
[SourceDate "2019.06.03"]
[SourceVersion "1"]
[SourceVersionDate "2019.06.03"]
[SourceQuality "1"]

1. d4 Nf6 2. c4 e5 3. dxe5 Ng4 4. Bf4 g5 5. Bg3 Bg7 6. Nf3 Nc6 7. Nc3 Ngxe5 8. Nxe5 Nxe5 9. e4 d6 10. Be2 Be6 11. 0-0 Qd7 12. Nd5 0-0-0 13. Qb3 h5 14. f3 h4 15. Bf2 g4 16. Bxa7 g3 17. Qa3 Bxd5 18. cxd5 h3 19. hxg3 hxg2 20. Rfc1 Qh3 21. Kf2 Rdg8 22. Bb6 Nc4 23. Bxc4 Qxg3+ 24. Kxg3 Bd4+ 25. Kf4 Rh4+ 26. Kf5 Rh5+ 27. Kf4 Rh4+ 28. Kf5 Rh5+ 1/2-1/2

[Event "Liga Insular Gran Canaria Preferente"]
[Site "Las Palmas"]
[Date "2019.03.09"]
[Round "2.4"]
[White "Medina Martin, Alberto"]
[Black "Parsons, Alan"]
[Result "1-0"]
[WhiteElo "2042"]
[BlackElo "1768"]
[PlyCount "95"]
[EventDate "2019.03.02"]
[EventType "team-tourn"]
[EventRounds "9"]
[EventCountry "ESP"]
[SourceTitle "EXT 2021"]
[Source "ChessBase"]
[SourceDate "2020.10.23"]
[SourceVersion "1"]
[SourceVersionDate "2020.10.23"]
[SourceQuality "1"]
[WhiteTeam "Guia Univac"]
[BlackTeam "Piscolabis Oleaje San Andres"]
[WhiteTeamCountry "ESP"]
[BlackTeamCountry "ESP"]

1. d4 Nf6 2. c4 g6 3. Nc3 d5 4. cxd5 Nxd5 5. Bd2 Bg7 6. e4 Nb6 7. Be3 0-0 8. Nf3 Bg4 9. Be2 Nc6 10. d5 Bxf3 11. gxf3 Ne5 12. Bd4 e6 13. f4 Ned7 14. Bxg7 Kxg7 15. Qd4+ Kg8 16. 0-0-0 exd5 17. exd5 Nc8 18. h4 Nd6 19. h5 Qf6 20. Qe3 Rfe8 21. Qf3 Nc5 22. Bd3 Nxd3+ 23. Rxd3 Re7 24. Re3 Rae8 25. Rhe1 Nc4 26. Re4 Nd6 27. Rxe7 Rxe7 28. Rxe7 Qxe7 29. hxg6 hxg6 30. Qe3 Qxe3+ 31. fxe3 f5 32. Kc2 Kf7 33. Kd3 Kf6 34. b3 a6 35. a4 g5 36. fxg5+ Kxg5 37. Ne2 Kg4 38. Nf4 Kf3 39. Ne6 Ne8 40. Kd4 a5 41. Nc5 b6 42. Ne6 Ke2 43. Ng5 Nd6 44. e4 fxe4 45. Nxe4 Kd1 46. Nxd6 cxd6 47. Kc4 Kc2 48. b4 1-0

[Event "Puerto del Rosario op U2300 "]
[Site "Puerto del Rosario"]
[Date "2018.09.28"]
[Round "4"]
[White "Medina Martin, Alberto"]
[Black "Wagner, Bernd"]
[Result "1-0"]
[WhiteElo "1959"]
[BlackElo "2144"]
[PlyCount "101"]
[EventDate "2018.09.27"]
[EventType "swiss"]
[EventRounds "7"]
[EventCountry "ESP"]
[SourceTitle "CBM 187 Extra"]
[Source "ChessBase"]
[SourceDate "2018.11.04"]
[SourceVersion "1"]
[SourceVersionDate "2018.11.04"]
[SourceQuality "1"]

1. d4 d5 2. c4 e6 3. Nc3 Nf6 4. Bg5 Nbd7 5. e3 Be7 6. Qc2 0-0 7. cxd5 exd5 8. Bd3 Re8 9. Nf3 Nf8 10. 0-0 c6 11. Rae1 Ne4 12. Bxe7 Qxe7 13. Bxe4 dxe4 14. Nd2 f5 15. f3 exf3 16. Nxf3 Be6 17. Ne5 Nd7 18. Nxd7 Qxd7 19. a3 g6 20. Ne2 Bd5 21. Nf4 Re7 22. Nd3 Qd6 23. b4 a5 24. Qc3 axb4 25. axb4 Ra4 26. Rf2 b6 27. Rb2 Rea7 28. Ne5 Ra3 29. Qd2 Qf6 30. Qf2 Qg5 31. Qf4 Qe7 32. Rc1 Ra1 33. Qf1 R1a2 34. Rcc2 R2a3 35. Qe1 Qg5 36. Re2 Be4 37. h4 Qf6 38. Qf2 Bd5 39. e4 Bf7 40. Rbc2 Rc7 41. b5 c5 42. exf5 Bb3 43. Rc1 Qxf5 44. Qxf5 gxf5 45. dxc5 bxc5 46. Re3 c4 47. Kh2 Ra2 48. Nc6 Rc2 49. Rf1 Ba4 50. Rxf5 Rb2 51. Rg3+ 1-0

[Event "Gran Canaria-ch U16"]
[Site "Gran Canaria"]
[Date "2018.04.21"]
[Round "3.4"]
[White "Medina Martin, Alberto"]
[Black "Gonzalez Sastron, David"]
[Result "1-0"]
[WhiteElo "2003"]
[BlackElo "1279"]
[PlyCount "73"]
[EventDate "2018.04.21"]
[EventType "swiss"]
[EventRounds "4"]
[EventCountry "ESP"]
[SourceTitle "EXT 2024"]
[Source "ChessBase"]
[SourceDate "2023.10.10"]
[SourceVersion "1"]
[SourceVersionDate "2023.10.10"]
[SourceQuality "1"]

1. d4 Nf6 2. c4 c5 3. d5 e6 4. Nc3 exd5 5. cxd5 d6 6. e4 g6 7. f4 Bg7 8. Bb5+ Nbd7 9. e5 dxe5 10. fxe5 Nh5 11. e6 fxe6 12. dxe6 Qe7 13. Bxd7+ Bxd7 14. Qxd7+ Qxd7 15. exd7+ Kxd7 16. Be3 Kc6 17. 0-0-0 Rae8 18. Bd2 Re6 19. Nf3 Rhe8 20. Rhe1 b5 21. Rxe6+ Rxe6 22. Re1 Rd6 23. Ne4 Rd3 24. Kc2 Rd5 25. Bc3 Bh6 26. Nf6 Nxf6 27. Bxf6 b4 28. Re6+ Kb5 29. Re7 a6 30. Rxh7 Bf4 31. Rg7 Rd6 32. Rxg6 Be3 33. h4 Ka4 34. h5 c4 35. Bg5 b3+ 36. axb3+ cxb3+ 37. Kc3 1-0

[Event "Gran Canaria-ch U16"]
[Site "Gran Canaria"]
[Date "2018.04.21"]
[Round "2.1"]
[White "Perez Guerra, Raul"]
[Black "Medina Martin, Alberto"]
[Result "1-0"]
[WhiteElo "1854"]
[BlackElo "2003"]
[PlyCount "155"]
[EventDate "2018.04.21"]
[EventType "swiss"]
[EventRounds "4"]
[EventCountry "ESP"]
[SourceTitle "EXT 2024"]
[Source "ChessBase"]
[SourceDate "2023.10.10"]
[SourceVersion "1"]
[SourceVersionDate "2023.10.10"]
[SourceQuality "1"]

1. e4 e6 2. d4 d5 3. e5 c5 4. c3 Nc6 5. Nf3 Bd7 6. Be2 f6 7. 0-0 cxd4 8. cxd4 fxe5 9. Nxe5 Nxe5 10. dxe5 Bc5 11. Bd3 Ne7 12. Qh5+ g6 13. Qh6 Qc7 14. Bg5 Qxe5 15. Nd2 Kf7 16. Nf3 Qg7 17. Qxg7+ Kxg7 18. Ne5 Be8 19. Ng4 Rg8 20. Rac1 Bd6 21. Rfe1 Bf7 22. Bf6+ Kf8 23. Nh6 Nc6 24. Nxg8 Bxg8 25. Bb5 Rc8 26. Be5 Bb4 27. Re2 Bf7 28. Rec2 Be8 29. a3 Be7 30. b4 Kf7 31. f4 Bd7 32. Be2 a6 33. Bg4 Nxe5 34. fxe5 Rxc2 35. Rxc2 Bd8 36. Kf2 Bb6+ 37. Kg3 h6 38. Be2 Bd4 39. Kf3 Bxe5 40. g3 Bd6 41. Rd2 Bc6 42. Kf2 e5 43. Bf3 Ke6 44. Rc2 e4 45. Be2 Ba4 46. Rc8 d4 47. Bc4+ Ke5 48. Rg8 Be7 49. Rxg6 Bf6 50. h4 h5 51. Rh6 d3 52. Ke3 Bd1 53. Rh7 b5 54. Bf7 Bd8 55. Kd2 Be2 56. Bxh5 Bxh5 57. Rxh5+ Kd4 58. Rh7 e3+ 59. Kd1 Kc3 60. Rh6 Be7 61. Re6 e2+ 62. Ke1 Bf8 63. Rc6+ Kd4 64. Kd2 a5 65. Rf6 Be7 66. Rf4+ Kd5 67. Rf3 Kc4 68. Rf4+ Kd5 69. bxa5 Bxa3 70. a6 Bc1+ 71. Ke1 Be3 72. Rf5+ Kc4 73. Rf8 b4 74. Rc8+ Kb5 75. Rb8+ Ka5 76. Rd8 b3 77. Rxd3 b2 78. Rb3 1-0

[Event "Gran Canaria Cabildo op"]
[Site "Gran Canaria"]
[Date "2018.04.10"]
[Round "7"]
[White "Medina Martin, Alberto"]
[Black "Kleine, Peter"]
[Result "1-0"]
[WhiteElo "2015"]
[BlackElo "1601"]
[PlyCount "65"]
[EventDate "2018.03.06"]
[EventType "swiss"]
[EventRounds "7"]
[EventCountry "ESP"]
[SourceTitle "CBM 183 Extra"]
[Source "ChessBase"]
[SourceDate "2018.04.19"]
[SourceVersion "1"]
[SourceVersionDate "2018.04.19"]
[SourceQuality "1"]

1. d4 c5 2. d5 d6 3. e4 e5 4. Nc3 Nf6 5. Be2 Be7 6. Nf3 0-0 7. 0-0 b6 8. Nd2 Ba6 9. a4 Bxe2 10. Qxe2 a6 11. Nc4 Nbd7 12. f4 Ne8 13. fxe5 Nxe5 14. Bf4 Bf6 15. Ne3 g6 16. Ra3 Bg7 17. Rb3 Nd7 18. Nb1 Be5 19. Nd2 Bxf4 20. Rxf4 Ne5 21. Nec4 Qg5 22. Rf1 Nxc4 23. Nxc4 b5 24. axb5 axb5 25. Rxb5 f5 26. exf5 Nc7 27. Rb7 Rae8 28. Qd3 Rxf5 29. Rxc7 Rxf1+ 30. Qxf1 Rf8 31. Qe1 Qxd5 32. Ne3 Qe4 33. Qc3 1-0